| 000 | 01098cam a22003375a 4500 | ||
|---|---|---|---|
| 999 |
_c26799 _d26771 |
||
| 001 | 14234648 | ||
| 003 | EG-ScBUE | ||
| 005 | 20200205110752.0 | ||
| 008 | 060118t2007 maua f 001 0 eng d | ||
| 020 | _a141301772X | ||
| 020 | _a9781413017724 | ||
| 040 |
_aDLC _beng _erda _cDLC _dDLC _dEG-ScBUE |
||
| 082 | 0 | 4 |
_a808.042 _bMAY _222 |
| 100 | 1 |
_aMayfield, Marlys, _d1931- _eauthor. |
|
| 245 | 1 | 0 |
_aThinking for yourself : _bdeveloping critical thinking skills through reading and writing / _cMarlys Mayfield, College of Alameda. |
| 250 | _aSeventh edition. | ||
| 264 | 1 |
_aBoston, MA : _bThomson Wadsworth, _c[2007] |
|
| 264 | 4 | _cc2007 | |
| 300 |
_axxiii, 408 pages : _billustrations ; _c24 cm |
||
| 336 |
_2rdacontent _atext _btxt |
||
| 337 |
_2rdamedia _aunmediated _bn |
||
| 338 |
_2rdacarrier _avolume _bnc |
||
| 500 | _aIncludes index. | ||
| 650 | 7 |
_aEnglish language _xRhetoric. _2BUEsh _97240 |
|
| 650 | 7 |
_aCritical thinking. _2BUEsh _920326 |
|
| 650 | 7 |
_aAcademic writing. _2BUEsh _939859 |
|
| 651 | _2BUEsh | ||
| 653 |
_bHHUUEENN _cJune2018 |
||
| 655 | _vReading book | ||
| 942 |
_2ddc _cBB |
||